Normal view
MARC view
Entry Topical Term
001 - CONTROL NUMBER
- control field: 11329
003 - CONTROL NUMBER IDENTIFIER
- control field: ARRUPE
005 - DATE AND TIME OF LATEST TRANSACTION
- control field: 20140918134734.0
008 - FIXED-LENGTH DATA ELEMENTS
- fixed length control field: 140918|| aca||aabn | a|a d
040 ## - CATALOGING SOURCE
- Original cataloging agency: ARRUPE
- Transcribing agency: ARRUPE
150 ## - HEADING--TOPICAL TERM
- Topical term or geographic name as entry element: Logic, Symbolic and mathematical.
670 ## - SOURCE DATA FOUND
- Source citation: Work cat.: (ARRUPE)0: Mendelson, Elliott. 11328, Introduction to mathematical logic., [1964]